{"text_format":"3","workbook":"xlsx","n_sheets":1,"sheets":["t217"],"read":"whole","date_system":"1900"}

{"sheet":"t217","index":0,"n_rows":155,"n_cols":7,"rows_kept":155,"merged":[[0,0,0,6],[28,0,28,5],[40,0,40,5],[132,0,132,5]]}
["TABELA 217.1 - Estatísticas Agrícolas, Município de Hortolândia, Estado de São Paulo, 2016/17."]
["ITEM","UNIDADE","N.DE UPAs","MÍNIMO","MÉDIO","MÁXIMO","TOTAL"]
["Distância à sede do município","km",29,0.5,{"v":4.94,"d":"4.9"},{"v":15,"d":"15.0"},"-"]
["Área total","hectare",29,2.5,{"v":25.11,"d":"25.1"},{"v":109,"d":"109.0"},728.2]
["Área com cultura perene","hectare",1,12.5,12.5,12.5,12.5]
["Área com cultura temporária","hectare",21,0.1,{"v":14.03,"d":"14.0"},{"v":97,"d":"97.0"},294.7]
["Área com pastagem","hectare",7,0.2,{"v":27.13,"d":"27.1"},{"v":101,"d":"101.0"},189.9]
["Área com reflorestamento","hectare",2,{"v":1,"d":"1.0"},1.5,{"v":2,"d":"2.0"},{"v":3,"d":"3.0"}]
["Área com vegetação natural","hectare",10,0.1,{"v":1.99,"d":"2.0"},7.9,19.9]
["Área com vegetação de brejo e várzea","hectare",8,0.4,{"v":1.05,"d":"1.1"},2.2,8.4]
["Área em descanso","hectare",4,0.1,{"v":16.53,"d":"16.5"},51.3,66.1]
["Área complementar","hectare",23,0.1,{"v":5.81,"d":"5.8"},40.2,133.7]
["Área das UPAs com (0, 1] ha","hectare","-","-","-","-","-"]
["Área das UPAs com (1, 2] ha","hectare","-","-","-","-","-"]
["Área das UPAs com (2, 5] ha","hectare",4,2.5,{"v":3.05,"d":"3.1"},3.7,12.2]
["Área das UPAs com (5, 10] ha","hectare",9,5.2,{"v":7.56,"d":"7.6"},9.9,{"v":68,"d":"68.0"}]
["Área das UPAs com (10, 20] ha","hectare",4,12.1,{"v":15.48,"d":"15.5"},18.8,61.9]
["Área das UPAs com (20, 50] ha","hectare",9,{"v":21,"d":"21.0"},{"v":31.48,"d":"31.5"},44.7,283.3]
["Área das UPAs com (50, 100] ha","hectare",2,96.8,96.9,{"v":97,"d":"97.0"},193.8]
["Área das UPAs com (100, 200] ha","hectare",1,{"v":109,"d":"109.0"},{"v":109,"d":"109.0"},{"v":109,"d":"109.0"},{"v":109,"d":"109.0"}]
["Área das UPAs com (200, 500] ha","hectare","-","-","-","-","-"]
["Área das UPAs com (500, 1.000] ha","hectare","-","-","-","-","-"]
["Área das UPAs com (1.000, 2.000] ha","hectare","-","-","-","-","-"]
["Área das UPAs com (2.000, 5.000] ha","hectare","-","-","-","-","-"]
["Área das UPAs com (5.000, 10.000] ha","hectare","-","-","-","-","-"]
["Área das UPAs acima de 10.000 ha","hectare","-","-","-","-","-"]
["Fonte: Secretaria de Agricultura e Abastecimento, CDRS/IEA, Projeto LUPA."]
[]
["TABELA 217.2 - Explorações Animais, Município de Hortolândia, Estado de São Paulo, 2016/17."]
["ITEM","UNIDADE","N.DE UPAs","MÍNIMO","MÉDIO","MÁXIMO","TOTAL"]
["Avicultura de corte","cabecas/ano",1,{"v":150,"d":"150.0"},{"v":150,"d":"150.0"},{"v":150,"d":"150.0"},{"v":150,"d":"150.0"}]
["Avicultura para ovos","cabecas",1,{"v":50,"d":"50.0"},{"v":50,"d":"50.0"},{"v":50,"d":"50.0"},{"v":50,"d":"50.0"}]
["Bovinocultura de corte","cabecas",2,{"v":28,"d":"28.0"},76.5,{"v":125,"d":"125.0"},{"v":153,"d":"153.0"}]
["Bovinocultura leiteira","cabecas",2,{"v":1,"d":"1.0"},5.5,{"v":10,"d":"10.0"},{"v":11,"d":"11.0"}]
["Bovinocultura mista","cabecas",2,{"v":25,"d":"25.0"},27.5,{"v":30,"d":"30.0"},{"v":55,"d":"55.0"}]
["Equinocultura","cabecas",4,{"v":2,"d":"2.0"},{"v":9,"d":"9.0"},{"v":25,"d":"25.0"},{"v":36,"d":"36.0"}]
["Piscicultura","m2 tanques",1,{"v":15000,"d":"15,000.0"},{"v":15000,"d":"15,000.0"},{"v":15000,"d":"15,000.0"},{"v":15000,"d":"15,000.0"}]
["Suinocultura","cabecas",2,{"v":15,"d":"15.0"},207.5,{"v":400,"d":"400.0"},{"v":415,"d":"415.0"}]
["Fonte: Secretaria de Agricultura e Abastecimento, CDRS/IEA, Projeto LUPA."]
[]
["TABELA 217.3 -  Máquinas, Implementos e Benfeitorias, Município de Hortolândia, Estado de São Paulo, 2016/17."]
["ITEM","UNIDADE","N.DE UPAs","MÍNIMO","MÉDIO","MÁXIMO","TOTAL"]
["Arado comum (bacia, aiveca)","unidade",5,{"v":1,"d":"1.0"},1.6,{"v":3,"d":"3.0"},{"v":8,"d":"8.0"}]
["Arado subsolador","unidade",4,{"v":1,"d":"1.0"},{"v":1.25,"d":"1.3"},{"v":2,"d":"2.0"},{"v":5,"d":"5.0"}]
["Batedeira de cereais","unidade",1,{"v":1,"d":"1.0"},{"v":1,"d":"1.0"},{"v":1,"d":"1.0"},{"v":1,"d":"1.0"}]
["Carregadeira de cana","unidade",1,{"v":1,"d":"1.0"},{"v":1,"d":"1.0"},{"v":1,"d":"1.0"},{"v":1,"d":"1.0"}]
["Carreta de trator","unidade",1,{"v":1,"d":"1.0"},{"v":1,"d":"1.0"},{"v":1,"d":"1.0"},{"v":1,"d":"1.0"}]
["Conj.irrigacao autopropelido","unidade",1,{"v":1,"d":"1.0"},{"v":1,"d":"1.0"},{"v":1,"d":"1.0"},{"v":1,"d":"1.0"}]
["Conj.irrigacao convencional","unidade",6,{"v":1,"d":"1.0"},{"v":1,"d":"1.0"},{"v":1,"d":"1.0"},{"v":6,"d":"6.0"}]
["Desintegrador, picador, triturador","unidade",4,{"v":1,"d":"1.0"},{"v":1.75,"d":"1.8"},{"v":4,"d":"4.0"},{"v":7,"d":"7.0"}]
["Distribuidor de calcario","unidade",3,{"v":1,"d":"1.0"},{"v":1.33,"d":"1.3"},{"v":2,"d":"2.0"},{"v":4,"d":"4.0"}]
["Grade aradora (tipo romi)","unidade",5,{"v":1,"d":"1.0"},1.6,{"v":3,"d":"3.0"},{"v":8,"d":"8.0"}]
["Grade niveladora","unidade",5,{"v":1,"d":"1.0"},1.2,{"v":2,"d":"2.0"},{"v":6,"d":"6.0"}]
["Implementos para tracao animal","unidade",1,{"v":2,"d":"2.0"},{"v":2,"d":"2.0"},{"v":2,"d":"2.0"},{"v":2,"d":"2.0"}]
["Mmicrotrator","unidade",1,{"v":1,"d":"1.0"},{"v":1,"d":"1.0"},{"v":1,"d":"1.0"},{"v":1,"d":"1.0"}]
["Ordenhadeira mecanica","unidade",1,{"v":1,"d":"1.0"},{"v":1,"d":"1.0"},{"v":1,"d":"1.0"},{"v":1,"d":"1.0"}]
["Pulverizador tratorizado","unidade",6,{"v":1,"d":"1.0"},{"v":1.17,"d":"1.2"},{"v":2,"d":"2.0"},{"v":7,"d":"7.0"}]
["Roçadeira tratorizada","unidade",1,{"v":1,"d":"1.0"},{"v":1,"d":"1.0"},{"v":1,"d":"1.0"},{"v":1,"d":"1.0"}]
["Roçadora","unidade",3,{"v":1,"d":"1.0"},{"v":1,"d":"1.0"},{"v":1,"d":"1.0"},{"v":3,"d":"3.0"}]
["Semeadeira/adubadeira para plantio convencional","unidade",2,{"v":1,"d":"1.0"},{"v":2,"d":"2.0"},{"v":3,"d":"3.0"},{"v":4,"d":"4.0"}]
["Semeadeira/plantadeira plantio direto","unidade",2,{"v":1,"d":"1.0"},{"v":1,"d":"1.0"},{"v":1,"d":"1.0"},{"v":2,"d":"2.0"}]
["Tecnologias de gps para controle de máquinas","unidade",1,{"v":1,"d":"1.0"},{"v":1,"d":"1.0"},{"v":1,"d":"1.0"},{"v":1,"d":"1.0"}]
["Terraceador","unidade",2,{"v":1,"d":"1.0"},{"v":1,"d":"1.0"},{"v":1,"d":"1.0"},{"v":2,"d":"2.0"}]
["Trator de pneus  acima de 85 cv","unidade",1,{"v":1,"d":"1.0"},{"v":1,"d":"1.0"},{"v":1,"d":"1.0"},{"v":1,"d":"1.0"}]
["Trator de pneus até 65 cv","unidade",4,{"v":1,"d":"1.0"},1.5,{"v":2,"d":"2.0"},{"v":6,"d":"6.0"}]
["Trator de pneus de 66 cv a 85 cv","unidade",4,{"v":1,"d":"1.0"},{"v":3,"d":"3.0"},{"v":7,"d":"7.0"},{"v":12,"d":"12.0"}]
["Acude/represa","unidade",8,{"v":1,"d":"1.0"},{"v":1.38,"d":"1.4"},{"v":3,"d":"3.0"},{"v":11,"d":"11.0"}]
["Almoxarifado/oficina","unidade",2,{"v":1,"d":"1.0"},{"v":1,"d":"1.0"},{"v":1,"d":"1.0"},{"v":2,"d":"2.0"}]
["Barracao/galpao/garagem","unidade",8,{"v":1,"d":"1.0"},{"v":1.63,"d":"1.6"},{"v":4,"d":"4.0"},{"v":13,"d":"13.0"}]
["Casa de moradia habitada","unidade",18,{"v":1,"d":"1.0"},{"v":3.06,"d":"3.1"},{"v":10,"d":"10.0"},{"v":55,"d":"55.0"}]
["Casa de moradia total","unidade",18,{"v":1,"d":"1.0"},{"v":3.22,"d":"3.2"},{"v":10,"d":"10.0"},{"v":58,"d":"58.0"}]
["Curral/mangueira","unidade",2,{"v":1,"d":"1.0"},{"v":1,"d":"1.0"},{"v":1,"d":"1.0"},{"v":2,"d":"2.0"}]
["Deposito/tulha","unidade",3,{"v":1,"d":"1.0"},{"v":1,"d":"1.0"},{"v":1,"d":"1.0"},{"v":3,"d":"3.0"}]
["Estufa/plasticultura","m2",1]
["Instalacoes para equinos","unidade",1,{"v":1,"d":"1.0"},{"v":1,"d":"1.0"},{"v":1,"d":"1.0"},{"v":1,"d":"1.0"}]
["Packing house","unidade",1,{"v":1,"d":"1.0"},{"v":1,"d":"1.0"},{"v":1,"d":"1.0"},{"v":1,"d":"1.0"}]
["Pocilga","unidade",1,{"v":1,"d":"1.0"},{"v":1,"d":"1.0"},{"v":1,"d":"1.0"},{"v":1,"d":"1.0"}]
["Poco semi-artesiano","unidade",2,{"v":1,"d":"1.0"},{"v":1,"d":"1.0"},{"v":1,"d":"1.0"},{"v":2,"d":"2.0"}]
["Fonte: Secretaria de Agricultura e Abastecimento, CDRS/IEA, Projeto LUPA."]
[]
["TABELA 217.4 - Outras Estatísticas Agrícolas, Município de Hortolândia, Estado de São Paulo, 2016/17."]
["ITEM","Número de UPAs",null,"Percentual"]
["Faz Parte de Associação de Produtores","-",null,"-"]
["Faz Parte de Cooperativa de Produtores",4,null,{"v":13.793103448275863,"d":"13.8"}]
["Faz Parte do Sindicato de Produtores",3,null,{"v":10.344827586206895,"d":"10.3"}]
["Não utiliza assistência técnica ",16,null,{"v":55.172413793103445,"d":"55.2"}]
["Utiliza somente assistência técnica governamental ",0,null,{"v":0,"d":"0.0"}]
["Utiliza somente assistência técnica privada ",12,null,{"v":41.37931034482759,"d":"41.4"}]
["Utiliza assistência técnica tanto governamental quanto privada",1,null,{"v":3.4482758620689657,"d":"3.4"}]
["Utiliza Crédito Rural",4,null,{"v":13.793103448275863,"d":"13.8"}]
["Utiliza Seguro Rural",4,null,{"v":13.793103448275863,"d":"13.8"}]
["Utiliza Escrituração Agrícola",5,null,{"v":17.241379310344826,"d":"17.2"}]
["Acessa Internet p/ Fins na Agropecuária",2,null,{"v":6.8965517241379315,"d":"6.9"}]
["Utiliza Computador nas Atividades Agropecuárias",1,null,{"v":3.4482758620689657,"d":"3.4"}]
["Utiliza Energia Elétrica Para Uso na Atividade Agrícola",21,null,{"v":72.41379310344827,"d":"72.4"}]
["Utiliza Energia Alternativa","-",null,"-"]
["Realiza Análise de Solo, quando necessário",20,null,{"v":68.9655172413793,"d":"69.0"}]
["Realiza Calagem",6,null,{"v":20.68965517241379,"d":"20.7"}]
["Utiliza Práticas de Conservação de Solo, quando necessário",16,null,{"v":55.17241379310345,"d":"55.2"}]
["Faz Adubação Mineral, quando necessário",19,null,{"v":65.51724137931035,"d":"65.5"}]
["Faz Adubação Orgânica, quando necessário",9,null,{"v":31.03448275862069,"d":"31.0"}]
["Faz Adubação Verde, quando necessário",4,null,{"v":13.793103448275863,"d":"13.8"}]
["Utiliza Manejo Integrado de Pragas (MIP)",5,null,{"v":17.241379310344826,"d":"17.2"}]
["Utiliza Hidroponia","-",null,"-"]
["Utiliza Cultivo em Estufa",2,null,{"v":6.8965517241379315,"d":"6.9"}]
["Utiliza Mudas Fiscalizadas",7,null,{"v":24.137931034482758,"d":"24.1"}]
["Utiliza Semente Melhorada",14,null,{"v":48.275862068965516,"d":"48.3"}]
["Faz Confinamento de Bovinos","-",null,"-"]
["Utiliza Pastejo Intensivo",1,null,{"v":3.4482758620689657,"d":"3.4"}]
["Faz Inseminação Artificial","-",null,"-"]
["Faz Mineralização do Rebanho",6,null,{"v":20.68965517241379,"d":"20.7"}]
["Faz Vermifugação do Rebanho",6,null,{"v":20.68965517241379,"d":"20.7"}]
["Possui Parceiros /Arrendatários na Exploração Animal",6,null,{"v":20.68965517241379,"d":"20.7"}]
["Existência de trabalhadores c/ deficiência na UPA","-",null,"-"]
["Esporte e lazer",2,null,{"v":6.8965517241379315,"d":"6.9"}]
["Extração mineral","-",null,"-"]
["Hotel Fazenda, Pousada ou SPA","-",null,"-"]
["Pesque-pague",1,null,{"v":3.4482758620689657,"d":"3.4"}]
["Restaurante ou Lanchonete","-",null,"-"]
["Transformação artesanal",1,null,{"v":3.4482758620689657,"d":"3.4"}]
["Turismo rural ou ecoturismo","-",null,"-"]
["Outras atividades econômicas rurais","-",null,"-"]
["Agroindústria","-",null,"-"]
["Proprietário sem instrução ou com instrução incompleta","-",null,"-"]
["Proprietário com antigo primário completo",8,null,{"v":27.586206896551726,"d":"27.6"}]
["Proprietário com 1° grau (ou antigo ginasial) completo",6,null,{"v":20.68965517241379,"d":"20.7"}]
["Proprietário com 2° grau (ou antigo colegial) completo",7,null,{"v":24.137931034482758,"d":"24.1"}]
["Proprietário com curso superior completo ",3,null,{"v":10.344827586206895,"d":"10.3"}]
["Pessoa Jurídica",5,null,{"v":17.241379310344826,"d":"17.2"}]
["Proprietário residente na própria UPA ",8,null,{"v":27.586206896551726,"d":"27.6"}]
["Fonte: Secretaria de Agricultura e Abastecimento, CDRS/IEA, Projeto LUPA."]
[]
["TABELA 217.5 - Área Cultivada, Município de Hortolândia, Estado de São Paulo, 2016/17."]
["CULTURA","N.DE UPAs","MÍNIMO","MÉDIO","MÁXIMO","TOTAL"]
["Soja",13,3.7,{"v":17.95,"d":"18.0"},{"v":97,"d":"97.0"},233.4]
["Braquiaria",5,2.7,36.8,{"v":101,"d":"101.0"},{"v":184,"d":"184.0"}]
["Alface",5,2.6,{"v":5.62,"d":"5.6"},9.6,28.1]
["Outras olericolas",6,1.4,{"v":4.58,"d":"4.6"},{"v":12,"d":"12.0"},27.5]
["Milho safra",2,{"v":3,"d":"3.0"},10.1,17.2,20.2]
["Milho-doce(verde)",2,1.2,{"v":7,"d":"7.0"},12.8,{"v":14,"d":"14.0"}]
["Banana",1,7.3,7.3,7.3,7.3]
["Abobora (ou jerimum)",1,{"v":5,"d":"5.0"},{"v":5,"d":"5.0"},{"v":5,"d":"5.0"},{"v":5,"d":"5.0"}]
["Gramas",2,0.2,2.5,4.8,{"v":5,"d":"5.0"}]
["Couve (ou couve-crespa)",2,{"v":1,"d":"1.0"},2.2,3.4,4.4]
["Tangerina",1,4.2,4.2,4.2,4.2]
["Mandioca",2,1.2,1.8,2.4,3.6]
["Eucalipto",2,{"v":1,"d":"1.0"},1.5,{"v":2,"d":"2.0"},{"v":3,"d":"3.0"}]
["Cebolinha",2,0.1,{"v":0.55,"d":"0.6"},{"v":1,"d":"1.0"},1.1]
["Limao",1,{"v":1,"d":"1.0"},{"v":1,"d":"1.0"},{"v":1,"d":"1.0"},{"v":1,"d":"1.0"}]
["Capim-napier (ou capim-elefante)",1,0.9,0.9,0.9,0.9]
["Cebola",1,0.1,0.1,0.1,0.1]
["Horta domestica",1,0.1,0.1,0.1,0.1]
["Quiabo",1,0.1,0.1,0.1,0.1]
["Brocolos (ou brocolis)",1,0.1,0.1,0.1,0.1]
["Fonte: Secretaria de Agricultura e Abastecimento, CDRS/IEA, Projeto LUPA."]